|
|
|
|
| LEADER |
00000nam a2200000 4500 |
| 003 |
SK-MaSNL |
| 005 |
20260506125634.0 |
| 008 |
260506s2025 xo o g b 001 0dslo |
| 020 |
|
|
|a 9788069073142
|q (brožované)
|
| 038 |
|
|
|a SNK
|
| 040 |
|
|
|a SNK
|b slo
|c SNK
|e rda
|
| 041 |
0 |
|
|a slo
|
| 043 |
|
|
|a e-xo---
|
| 044 |
|
|
|a xo
|c SK
|
| 072 |
|
7 |
|a 01
|x Bibliografia. Katalógy
|2 konspekt
|
| 072 |
|
7 |
|a 911
|x Všeobecná geografia. Systematická geografia
|2 konspekt
|
| 080 |
|
|
|a 528.9-051
|2 2011
|
| 080 |
|
|
|a 929
|2 2011
|
| 080 |
|
|
|a (437.6)
|2 2011
|
| 080 |
|
|
|a 019.922
|2 2011
|
| 080 |
|
|
|a (01)-048.58
|2 2011
|
| 080 |
|
|
|a 012
|2 2011
|
| 100 |
1 |
|
|a Šimčíková, Iveta
|4 com
|9 317328
|
| 245 |
1 |
0 |
|a Marián Pauer
|b výberová personálna bibliografia
|c zostavila: Iveta Šimčíková
|
| 264 |
|
1 |
|a Trnava
|b Knižnica Juraja Fándlyho v Trnave
|c 2025
|
| 300 |
|
|
|a 89 strán
|b fotografie
|c 21 cm
|
| 336 |
|
|
|a text
|b txt
|2 rdacontent
|
| 337 |
|
|
|a bez média
|b n
|2 rdamedia
|
| 338 |
|
|
|a zväzok
|b nc
|2 rdacarrier
|
| 366 |
|
|
|e 50 kusov
|
| 504 |
|
|
|a Obsahuje autorský register
|
| 600 |
|
|
|a Pauer, Marián,
|d 1945-
|2 SNKMA
|9 92776
|
| 651 |
|
7 |
|a Slovensko
|2 SNKPH
|9 14231
|
| 651 |
|
7 |
|a Slovakia
|2 SNKPHeng
|9 92630
|
| 655 |
|
7 |
|a výberové bibliografie
|2 SNKPH
|9 70561
|
| 655 |
|
7 |
|a personálne bibliografie
|2 SNKPH
|9 70198
|
| 655 |
|
7 |
|a Selective bibliography
|2 SNKPHeng
|9 274272
|
| 655 |
|
7 |
|a Personal bibliography
|2 SNKPHeng
|9 300650
|
| 852 |
|
|
|a Slovenská národná knižnica
|
| 919 |
|
|
|a 978-80-69073-14-2
|
| 954 |
|
|
|a odborná, vedecká literatúra pôvodná (slovenská)
|2 lita
|
| 958 |
|
|
|a PB
|
| 958 |
|
|
|a BX
|
| 958 |
|
|
|a SF
|
| 958 |
|
|
|a NB
|
| 999 |
|
|
|c 3369421
|d 3371351
|
| 952 |
|
|
|t 1
|a SNK
|b SNK
|y NEVYP
|7 1
|p 17A1510057
|o snkSC 214301
|i snk2026/6730
|8 11
|g 0.00
|0 0
|1 0
|2 udc
|4 0
|d 2026-05-06
|l 0
|r 2026-05-06 12:57:32
|w 2026-05-06
|